Spell the Marvel Character #217 - Statistics

General Stats
  • This quiz has been taken 10 times
  • The average score is 7 of 7
Answer Stats
Picture Answer % Correct
Elektra
100%
Hawkeye
100%
Old Man Logan
100%
Thor
100%
Hornet
90%
Night Thrasher
90%
Red Dagger
80%
No matching quizzes found
Score Distribution
Percent of People with Each Score
Percentile by Number Answered
Your Score History
You have not taken this quiz